Hiến pháp và luật tổ chức bộ máy nhà nước : Giáo trình đào tạo Trung cấp Hành chính /
Shranjeno v:
| Korporativna značnica: | |
|---|---|
| Format: | Sách giấy |
| Jezik: | Vietnamese |
| Izdano: |
H. :
Khoa học và Kỹ thuật,
2007.
|
| Teme: | |
| Oznake: |
Označite
Brez oznak, prvi označite!
|
| Thư viện lưu trữ: | Thư viện Trường Đại học Đà Lạt |
|---|
| LEADER | 00870nam a2200313 4500 | ||
|---|---|---|---|
| 001 | DLU100103408 | ||
| 005 | ##200100106 | ||
| 040 | # | # | |a DLU |b vie |
| 041 | # | # | |a vie |
| 044 | # | # | |a vn |
| 082 | # | # | |a 342.597 |b Hie |
| 245 | # | # | |a Hiến pháp và luật tổ chức bộ máy nhà nước : |b Giáo trình đào tạo Trung cấp Hành chính / |c Học viện Hành chính Quốc gia. |
| 260 | # | # | |a H. : |b Khoa học và Kỹ thuật, |c 2007. |
| 300 | # | # | |a 159 tr. ; |c 21 cm. |
| 653 | # | # | |a Bộ máy nhà nước |
| 653 | # | # | |a Giáo trình |
| 653 | # | # | |a Tổ chức hành chính |
| 710 | # | # | |a Học viện Hành chính Quốc gia. |
| 923 | # | # | |a 17/2009 |
| 991 | # | # | |a GT |
| 992 | # | # | |a 19000 |
| 994 | # | # | |a DLU |
| 900 | # | # | |a True |
| 911 | # | # | |a Đào Thị Thu Huyền |
| 925 | # | # | |a G |
| 926 | # | # | |a A |
| 927 | # | # | |a SH |
| 980 | # | # | |a Thư viện Trường Đại học Đà Lạt |